| 000 | 01802nam a22003257a 4500 | ||
|---|---|---|---|
| 999 |
_c6561 _d6561 |
||
| 003 | OSt | ||
| 005 | 20200219162954.0 | ||
| 008 | 200219s1994 ck ||||gr|||| 00| 0 spa d | ||
| 020 | _a9789581701100 | ||
| 040 |
_aCO-JMCR _cCO-JMCR |
||
| 041 | 0 | _aspa | |
| 082 | 0 | 4 |
_a301 / _bV441l |
| 100 |
_aVasco Uribe, Luis Guillermo, _eautor _9776 |
||
| 245 | 1 | 0 |
_aLewis Henry Morgan : _bconfesiones de amor y odio / _cLuis Guillermo Vasco Uribe |
| 250 | _aPrimera edición | ||
| 260 |
_aBogotá : _bUniversidad Nacional de Colombia, _c1994 |
||
| 300 |
_a388 páginas ; _c24 cm. |
||
| 490 | 0 | _aColección Latinoamericana | |
| 500 | _aIncluye datos biográficos del autor en solapa. | ||
| 504 | _aBibliografía: páginas [373]-388 | ||
| 505 | 0 | _aImportancia de Morgan -- El hombre y su obra -- ¿Historia o teoría de la historia? -- Desarrollo desigual -- Teoría de la transición y el cambio -- Papel del individuo en la historia -- El poder creador de la palabra -- Formación de la humanidad -- Unidad de las sociedades americanas -- La liga de los Iroqueses -- ¿Integración o autonomía? -- Comunismo aborigen americano -- La confederación Azteca -- La propiedad también pasará -- Notas sobre familia y parentesco -- Confesiones de amor y odio -- Futuro de la etnología americana | |
| 520 | _a"El autor pone de presente, en uno de los pocos estudios exhaustivos que se han hecho sobre Morgan, la fortaleza de su investigación de campo y la importancia de su aporte teórico a la antropología moderna" | ||
| 650 | 1 | 4 |
_aLewis Henry Morgan _y1818-1881 _9777 |
| 650 | 1 | 4 |
_aAntropología _xteoría _9778 |
| 650 | 1 | 4 |
_aEtnología _9779 |
| 650 | 1 | 4 |
_aAntropología _xhistoria _9780 |
| 650 | 2 | 4 |
_aIroqueses _9781 _xvida y costumbres |
| 650 | 2 | 4 |
_aAztecas _9782 _xvida y costumbres |
| 942 |
_2ddc _cBK |
||